| 000 | 00693nam a22001937a 4500 | ||
|---|---|---|---|
| 003 | OSt | ||
| 005 | 20251124133505.0 | ||
| 008 | 251124b |||||||| |||| 00| 0 eng d | ||
| 020 | _a9780262534987 | ||
| 040 |
_aDWCL-Main lib _cOC |
||
| 082 | _aCirc. 658.05 H847 2018 | ||
| 100 | _aSLOAN MANAGEMENT REVIEW ASSOCIATION | ||
| 245 |
_a How to go digital: _b practical wisdom to help drive your organization's digital transformation/ _cSLOAN MANAGEMENT REVIEW ASSOCIATION |
||
| 260 |
_aCambridge, MA: _b MIT Press, _cc2018. |
||
| 300 |
_avii, 205 pages : _billustrations; _c21cm. |
||
| 504 | _aIncludes index. | ||
| 650 | _a1. Business-- data processing | ||
| 942 |
_2ddc _cBK-CIRC _kCirc. _n0 |
||
| 999 |
_c6087 _d6087 |
||